<?xml version="1.0" encoding="UTF-8"?>
<collection xmlns="http://www.loc.gov/MARC21/slim">
<record>
  <controlfield tag="001">133308</controlfield>
  <controlfield tag="005">20240410085329.0</controlfield>
  <datafield tag="024" ind1="8" ind2=" ">
    <subfield code="2">sideral</subfield>
    <subfield code="a">137960</subfield>
  </datafield>
  <datafield tag="037" ind1=" " ind2=" ">
    <subfield code="a">ART-2012-137960</subfield>
  </datafield>
  <datafield tag="041" ind1=" " ind2=" ">
    <subfield code="a">spa</subfield>
  </datafield>
  <datafield tag="100" ind1=" " ind2=" ">
    <subfield code="a">Rueda Martín, María Angeles</subfield>
    <subfield code="u">Universidad de Zaragoza</subfield>
    <subfield code="0">(orcid)0000-0003-2809-9754</subfield>
  </datafield>
  <datafield tag="245" ind1=" " ind2=" ">
    <subfield code="a">Primera evaluación de un proyecto de innovación docente para la implantación del crédito ECTS en la asignatura de Derecho penal, Parte Especial</subfield>
  </datafield>
  <datafield tag="260" ind1=" " ind2=" ">
    <subfield code="c">2012</subfield>
  </datafield>
  <datafield tag="520" ind1="3" ind2=" ">
    <subfield code="a">A lo largo de esta contribución se va a presentar una primera evaluación de un proyecto de innovación docente que tiene como finalidad la implantación del crédito ECTS en la asignatura de Derecho penal, Parte Especial. Esta evaluación aborda las necesidades docentes, el contexto, el diseño y la ejecución del programa de innovación docente en dicha asignatura. Además, se presentan los resultados de una primera encuesta realizada a los estudiantes que han trabajado este programa de innovación docente durante el curso académico 2010/2011, en la que se incluye tanto su valoración sobre las distintas actividades docentes realizadas como la carga de trabajo que le ha supuesto al estudiante desarrollarlas.</subfield>
  </datafield>
  <datafield tag="506" ind1="0" ind2=" ">
    <subfield code="a">Access copy available to the general public</subfield>
    <subfield code="f">Unrestricted</subfield>
  </datafield>
  <datafield tag="540" ind1=" " ind2=" ">
    <subfield code="9">info:eu-repo/semantics/openAccess</subfield>
    <subfield code="a">All rights reserved</subfield>
    <subfield code="u">http://www.europeana.eu/rights/rr-f/</subfield>
  </datafield>
  <datafield tag="655" ind1=" " ind2="4">
    <subfield code="a">info:eu-repo/semantics/article</subfield>
    <subfield code="v">info:eu-repo/semantics/publishedVersion</subfield>
  </datafield>
  <datafield tag="710" ind1="2" ind2=" ">
    <subfield code="1">4010</subfield>
    <subfield code="2">170</subfield>
    <subfield code="a">Universidad de Zaragoza</subfield>
    <subfield code="b">Dpto. Dcho.Pe.,Filos.D.e Hª D.</subfield>
    <subfield code="c">Área Derecho Penal</subfield>
  </datafield>
  <datafield tag="773" ind1=" " ind2=" ">
    <subfield code="g">5, 3 (2012), 153-169</subfield>
    <subfield code="p">Rev. formación innov. educ. univ.</subfield>
    <subfield code="t">Revista de formación e innovación educativa universitaria</subfield>
    <subfield code="x">1989-0257</subfield>
  </datafield>
  <datafield tag="856" ind1="4" ind2=" ">
    <subfield code="s">171753</subfield>
    <subfield code="u">http://zaguan.unizar.es/record/133308/files/texto_completo.pdf</subfield>
    <subfield code="y">Versión publicada</subfield>
  </datafield>
  <datafield tag="856" ind1="4" ind2=" ">
    <subfield code="s">2232592</subfield>
    <subfield code="u">http://zaguan.unizar.es/record/133308/files/texto_completo.jpg?subformat=icon</subfield>
    <subfield code="x">icon</subfield>
    <subfield code="y">Versión publicada</subfield>
  </datafield>
  <datafield tag="909" ind1="C" ind2="O">
    <subfield code="o">oai:zaguan.unizar.es:133308</subfield>
    <subfield code="p">articulos</subfield>
    <subfield code="p">driver</subfield>
  </datafield>
  <datafield tag="951" ind1=" " ind2=" ">
    <subfield code="a">2024-04-10-08:39:11</subfield>
  </datafield>
  <datafield tag="980" ind1=" " ind2=" ">
    <subfield code="a">ARTICLE</subfield>
  </datafield>
</record>
</collection>